| 000 | 00388pab a2200157 454500 | ||
|---|---|---|---|
| 008 | 180718b2006 xxu||||| |||| 00| 0 eng d | ||
| 100 | _aBolashetty, Shripad S. | ||
| 245 | _aMethodologies of teaching in higher education | ||
| 260 | _c2006 | ||
| 300 | _ap.5-11. | ||
| 362 | _a10 Jul | ||
| 650 | _aHigher education | ||
| 650 | _aTeaching | ||
| 773 | _aUniversity News | ||
| 909 | _a70176 | ||
| 999 |
_c70176 _d70176 |
||